00578nam a2200169 i 450000100060000000300090000600500170001500700030003200800410003510000360007624500530011226000500016530000220021585200320023799900170026995201220028667813ES-MaACL20230906170143.0t|040206s1972 sp ||||1| spa d1 aGallardo, José Carlos.95348414aLos días que pasan / cJosé Carlos Gallardo. aLeón : b[s.n., c1972] (fImp. Provincial) a110 p. ; c20 cm. aES-MaACLjC-43173 bR.81606 c67813d67813 00104070aATENEOMbATENEOMcDEPO2d2008-01-17eSCl0oC-43173p1070996r2023-02-23 00:00:00w2023-02-23yMONOGRAFIA